[Event "2.BLW 1617 SG Köln Porz - Düsseldorfer"]
[Site "?"]
[Date "2017.01.15"]
[Round "4.7"]
[White "Harff, Marcel"]
[Black "Malykin, Vitaly"]
[Result "0-1"]
[WhiteElo "2356"]
[BlackElo "2384"]
[PlyCount "90"]
[EventDate "2017.??.??"]

1. c4 c6 2. Nf3 d5 3. e3 Nf6 4. Nc3 e6 5. d4 Nbd7 6. Qc2 b6 7. cxd5 exd5 8. Bd3
Be7 9. O-O O-O 10. b3 Bb7 11. Bb2 Rc8 12. Rac1 Re8 13. Rfd1 Bd6 14. Qe2 b5 15.
Bf5 Qe7 16. Nb1 Rcd8 17. Nbd2 b4 18. Re1 a5 19. Qd1 Ne4 20. Nxe4 dxe4 21. Nd2
Nf6 22. Nc4 Bc8 23. Bxc8 Rxc8 24. d5 Nxd5 25. Qd4 f6 26. Nxa5 Bxh2+ 27. Kh1 Qf7
28. Kxh2 Qc7+ 29. Kg1 Qxa5 30. Rc5 Qxa2 31. Ra1 Qxb3 32. Ra7 Re6 33. Rd7 Rce8
34. Ra5 R8e7 35. Rd8+ Kf7 36. Qd2 Qd3 37. Qc1 Nc3 38. Rxd3 Ne2+ 39. Kf1 Nxc1
40. Rd8 Nd3 41. Bd4 c5 42. Bxc5 Rc7 43. Ra7 Rec6 44. Rd7+ Rxd7 45. Rxd7+ Ke8
0-1

[Event "2.BLW 1617 SG Köln Porz - Düsseldorfer"]
[Site "?"]
[Date "2017.01.15"]
[Round "4.8"]
[White "Korotkjevich, Stanislav"]
[Black "Hainke, Guntram"]
[Result "0-1"]
[WhiteElo "2383"]
[BlackElo "2290"]
[PlyCount "36"]
[EventDate "2017.??.??"]

1. d4 Nf6 2. Nf3 g6 3. Bf4 Bg7 4. e3 d6 5. h3 O-O 6. Be2 Nbd7 7. O-O b6 8. Nbd2
Bb7 9. Bh2 c5 10. c3 Qc7 11. a4 a6 12. Qb3 Ne4 13. Nxe4 Bxe4 14. Ng5 Bb7 15.
Bc4 e6 16. Bxe6 fxe6 17. Nxe6 Qc6 18. Nxf8+ c4 0-1

[Event "2.BLW 1617 SF Katernberg - SV Würselen"]
[Site "?"]
[Date "2017.01.15"]
[Round "4.1"]
[White "Chatalbashev, Boris"]
[Black "Tomic, Bosko"]
[Result "1/2-1/2"]
[WhiteElo "2551"]
[BlackElo "2453"]
[PlyCount "82"]
[EventDate "2017.??.??"]

1. d4 Nf6 2. c4 g6 3. Nc3 Bg7 4. e4 d6 5. Be2 O-O 6. Bg5 c5 7. d5 e6 8. Qd2
exd5 9. exd5 Re8 10. Nf3 Bg4 11. O-O Nbd7 12. h3 Bxf3 13. Bxf3 a6 14. Rae1 Rxe1
15. Rxe1 Qf8 16. a3 Re8 17. Rxe8 Nxe8 18. b4 h6 19. Be3 Qe7 20. Na4 Kh7 21. Nb2
Qe5 22. Nd3 Qa1+ 23. Qc1 Qxc1+ 24. Bxc1 b5 25. bxc5 dxc5 26. Be3 Bf8 27. Be2
bxc4 28. Nb2 c3 29. Na4 c2 30. Bc1 Nc7 31. Kf1 Nb5 32. Ke1 c4 33. Kd2 Nxa3 34.
Bxa3 Bxa3 35. Kxc2 Ne5 36. Kc3 Kg7 37. f4 Nd3 38. g3 Nc5 39. Nxc5 Bxc5 40. Kxc4
Bf2 41. g4 Be3 1/2-1/2

[Event "2.BLW 1617 SF Katernberg - SV Würselen"]
[Site "?"]
[Date "2017.01.15"]
[Round "4.2"]
[White "Pijpers, Arthur"]
[Black "Fridman, Rafael"]
[Result "1/2-1/2"]
[WhiteElo "2444"]
[BlackElo "2466"]
[PlyCount "42"]
[EventDate "2017.??.??"]

1. e4 d5 2. exd5 Qxd5 3. Nc3 Qd8 4. d4 Nf6 5. Nf3 Bg4 6. h3 Bxf3 7. Qxf3 c6 8.
Be3 e6 9. O-O-O Bb4 10. Ne4 Nxe4 11. Qxe4 Qd5 12. Qxd5 cxd5 13. c4 dxc4 14.
Bxc4 Nd7 15. Bb3 Bd6 16. d5 e5 17. g4 O-O 18. Kb1 Rfc8 19. Rc1 Rxc1+ 20. Rxc1
Kf8 21. g5 Nb6 {(=)} 1/2-1/2

[Event "2.BLW 1617 SF Katernberg - SV Würselen"]
[Site "?"]
[Date "2017.01.15"]
[Round "4.3"]
[White "Geiernaert, Steven"]
[Black "Admiraal, Miguoel"]
[Result "1-0"]
[WhiteElo "2449"]
[BlackElo "2441"]
[PlyCount "113"]
[EventDate "2017.??.??"]

1. d4 e6 2. c4 b6 3. e4 Bb7 4. Nc3 Bb4 5. Qc2 c5 6. a3 Bxc3+ 7. bxc3 Nc6 8. Be3
d6 9. Rd1 Qe7 10. Qa4 O-O-O 11. Nf3 Nf6 12. Bd3 e5 13. O-O Na5 14. d5 Ba6 15.
Nd2 Ng4 16. Rfe1 Nxe3 17. Rxe3 Kc7 18. Rb1 Rb8 19. Nb3 Qd7 20. Qxd7+ Kxd7 21.
Nd2 Ke7 22. a4 Bc8 23. Ree1 Bd7 24. Ra1 g6 25. Bc2 f6 26. Rf1 g5 27. Bd3 h5 28.
Rfb1 h4 29. h3 g4 30. hxg4 Bxg4 31. Kh2 Bd7 32. Nf1 Rbg8 33. Ne3 Rg5 34. Ra3
Rg7 35. Kh1 Rg5 36. Kg1 Bg4 37. Kh2 Bd7 38. Bc2 Bc8 39. Raa1 Bd7 40. Kg1 Kf7
41. f3 Rgh5 42. Ra2 Kg7 43. Kf2 R5h6 44. Rh1 Rh5 45. Ke2 R5h6 46. Kd3 Kg6 47.
Kd2 Kg7 48. Kc1 Be8 49. Bd3 Bd7 50. Kb2 Kg6 51. Bc2 Kg5 52. Kc1 Kf4 53. Kd2 h3
54. g3+ Kxg3 55. Ke2 Kh4 56. Rg1 Be8 57. Nf5+ 1-0

[Event "2.BLW 1617 SF Katernberg - SV Würselen"]
[Site "?"]
[Date "2017.01.15"]
[Round "4.4"]
[White "Kevlishvili, Robby"]
[Black "Klyuner, Vyacheslav"]
[Result "1/2-1/2"]
[WhiteElo "2417"]
[BlackElo "2439"]
[PlyCount "101"]
[EventDate "2017.??.??"]

1. e4 d6 2. d4 Nf6 3. Nc3 e5 4. Nf3 Nbd7 5. Bc4 Be7 6. a4 O-O 7. O-O c6 8. Re1
b6 9. d5 cxd5 10. Nxd5 Nxd5 11. Bxd5 Rb8 12. Qd3 Qc7 13. b3 a6 14. Bd2 Nf6 15.
Bc4 Qb7 16. Qe2 b5 17. axb5 axb5 18. Bd3 Bd7 19. Bb4 Bc6 20. Nd2 Rfe8 21. f3 g6
22. Qf2 Ra8 23. Rxa8 Rxa8 24. Nb1 Nd7 25. Rd1 Bd8 26. Kh1 Bb6 27. Qd2 Bc5 28.
Bf1 Qc7 29. Bxc5 dxc5 30. Qd6 Qxd6 31. Rxd6 Ra1 32. Rxc6 Rxb1 33. Kg1 Kf8 34.
Rc7 Ke7 35. Rb7 Rc1 36. Rxb5 Kd6 37. Ra5 f5 38. exf5 gxf5 39. Ra2 e4 40. fxe4
fxe4 41. Kf2 e3+ 42. Ke2 Nf6 43. Ra6+ Ke5 44. Rc6 Ne4 45. Rc8 Nd2 46. Rxc5+ Kd4
47. Rc7 Nxf1 48. Rd7+ Ke4 49. Re7+ Kd4 50. Rd7+ Ke4 51. Re7+ 1/2-1/2

[Event "2.BLW 1617 SF Katernberg - SV Würselen"]
[Site "?"]
[Date "2017.01.15"]
[Round "4.5"]
[White "Hovhannisyan, Mher"]
[Black "Siebrecht, Sebastian"]
[Result "1/2-1/2"]
[WhiteElo "2458"]
[BlackElo "2437"]
[PlyCount "46"]
[EventDate "2017.??.??"]

1. Nf3 Nf6 2. g3 d5 3. Bg2 c6 4. O-O Bg4 5. d3 Nbd7 6. c4 dxc4 7. dxc4 e5 8.
Nc3 Be7 9. Qc2 O-O 10. Nh4 Re8 11. Nf5 Bf8 12. h3 Bh5 13. g4 Bg6 14. Bg5 Qc7
15. Rad1 h5 16. Bf3 hxg4 17. hxg4 Re6 18. e4 Nh7 19. Bc1 Ree8 20. Na4 Nc5 21.
Nxc5 Bxc5 22. Kg2 Rad8 23. Rxd8 Rxd8 1/2-1/2

[Event "2.BLW 1617 SF Katernberg - SV Würselen"]
[Site "?"]
[Date "2017.01.15"]
[Round "4.6"]
[White "Scholz, Christian"]
[Black "Cekro, Ekrem"]
[Result "1-0"]
[WhiteElo "2378"]
[BlackElo "2404"]
[PlyCount "71"]
[EventDate "2017.??.??"]

1. e4 g6 2. d4 c6 3. c4 Bg7 4. Nf3 d6 5. h3 Nd7 6. Nc3 e5 7. d5 Qe7 8. Be3 Ngf6
9. Qd2 O-O 10. Be2 Ne8 11. O-O-O f5 12. Bg5 Qf7 13. h4 Nc5 14. Be3 f4 15. Bxc5
dxc5 16. Na4 cxd5 17. Ng5 Qf6 18. Qxd5+ Kh8 19. Nxc5 Qe7 20. Nce6 Nc7 21. Qd6
Qxd6 22. Rxd6 Bxe6 23. Nxe6 Rf7 24. Rhd1 Rg8 25. f3 Re7 26. c5 Ne8 27. Bc4 Nxd6
28. cxd6 Rxe6 29. Bxe6 Rd8 30. d7 Bf6 31. h5 gxh5 32. Rh1 h4 33. Kd2 Kg7 34.
Kc3 Kf8 35. Kc4 Ke7 36. Kd5 1-0

[Event "2.BLW 1617 SF Katernberg - SV Würselen"]
[Site "?"]
[Date "2017.01.15"]
[Round "4.7"]
[White "Docx, Stefan"]
[Black "Wessendorf, Thomas"]
[Result "1-0"]
[WhiteElo "2405"]
[BlackElo "2273"]
[PlyCount "99"]
[EventDate "2017.??.??"]

1. c4 g6 2. d4 Bg7 3. e4 d6 4. Nc3 Nc6 5. Nge2 e5 6. Be3 Nh6 7. f3 f5 8. d5 Ne7
9. Qd2 Nf7 10. c5 dxc5 11. Bxc5 Bh6 12. Be3 Bxe3 13. Qxe3 f4 14. Qd3 c6 15.
O-O-O cxd5 16. Nxd5 Nxd5 17. Qb5+ Qd7 18. Rxd5 Qxb5 19. Rxb5 b6 20. Nc3 Be6 21.
Be2 O-O-O 22. a4 Rd4 23. a5 Kb7 24. Rd1 Rc8 25. Kc2 Ra4 26. axb6 a6 27. Rb3
Bxb3+ 28. Kxb3 Rd4 29. Ra1 Ra8 30. Bc4 Nd8 31. Bd5+ Nc6 32. Na4 Rc8 33. Ka3
Rd3+ 34. b3 Rxd5 35. exd5 Nd4 36. Rd1 Rc2 37. d6 Kc6 38. Kb4 a5+ 39. Kxa5 Nxb3+
40. Kb4 Nd4 41. g3 g5 42. gxf4 gxf4 43. Rg1 Kxd6 44. b7 Nc6+ 45. Kb5 Ra2 46.
Rc1 Nb8 47. Rc8 Nd7 48. Rc6+ Ke7 49. Rc7 Ra1 50. Nc5 1-0

[Event "2.BLW 1617 SF Katernberg - SV Würselen"]
[Site "?"]
[Date "2017.01.15"]
[Round "4.8"]
[White "Rosen, Bernd"]
[Black "Beukema, Stefan"]
[Result "0-1"]
[WhiteElo "2292"]
[BlackElo "2398"]
[PlyCount "80"]
[EventDate "2017.??.??"]

1. c4 e5 2. g3 Nf6 3. Bg2 d5 4. cxd5 Nxd5 5. Nf3 Nc6 6. Nc3 Nb6 7. O-O Be6 8.
a3 a5 9. d3 f6 10. Be3 Nd4 11. Nd2 c6 12. Bxd4 exd4 13. Na4 Nd7 14. Qc2 Rc8 15.
Ne4 c5 16. b3 b5 17. Nb2 f5 18. Nd2 Bd6 19. a4 b4 20. Nbc4 Bc7 21. Nf3 f4 22.
gxf4 Bxf4 23. e3 dxe3 24. fxe3 Bc7 25. d4 O-O 26. Rad1 cxd4 27. exd4 Rf6 28.
Qe4 Rh6 29. d5 Nc5 30. Qd4 Nxb3 31. Qe3 Bxd5 32. Qxb3 Bb6+ 33. Kh1 Rxc4 34. Nh4
Bd4 35. Nf3 Qc7 36. h3 Qg3 37. Rxd4 Rxh3+ 38. Bxh3 Qxh3+ 39. Kg1 Qg3+ 40. Kh1
Rxd4 0-1

[Event "2.BLW 1617 SV Hofheim - Hansa Dortmund"]
[Site "?"]
[Date "2017.01.15"]
[Round "4.1"]
[White "Kalka, Arkadius Georg"]
[Black "Schroeder, Jan-Christian"]
[Result "1/2-1/2"]
[WhiteElo "2334"]
[BlackElo "2550"]
[PlyCount "192"]
[EventDate "2017.??.??"]

1. c4 e6 2. Nf3 d5 3. g3 dxc4 4. Bg2 a6 5. a4 Nc6 6. Na3 Na5 7. Qc2 Nb3 8. Rb1
Nf6 9. O-O Be7 10. Nxc4 Nxc1 11. Rbxc1 a5 12. e4 O-O 13. d4 c6 14. Rfd1 Bd7 15.
Nfe5 Qc7 16. Nxd7 Nxd7 17. d5 cxd5 18. exd5 exd5 19. Ne3 Qxc2 20. Rxc2 Nb6 21.
Nxd5 Nxd5 22. Rxd5 Bb4 23. Rd7 Rab8 24. Bxb7 Rfd8 25. Rxd8+ Rxd8 26. Ba6 g6 27.
Rc7 Re8 28. Bc4 Re7 29. Rc8+ Kg7 30. Rb8 h5 31. f4 h4 32. Kg2 hxg3 33. hxg3 Bd2
34. Kf3 Re3+ 35. Kf2 Re4 36. b3 Re7 37. Rb5 Bc3 38. Kf3 Bd2 39. Rd5 Bb4 40. g4
Bc3 41. g5 Bb4 42. Bd3 Kf8 43. Rb5 Bd2 44. Be4 Rc7 45. Ke2 Bb4 46. Bd5 Rc5 47.
Rb8+ Kg7 48. Rd8 Rc7 49. Kd3 Be7 50. Ra8 Bb4 51. Ra6 Rc1 52. Bc4 Rd1+ 53. Ke4
Re1+ 54. Kd4 Rd1+ 55. Bd3 Rc1 56. Ra8 Rc7 57. Bc4 Bd2 58. Ra6 Bb4 59. Ra8 Bd2
60. Kd3 Bb4 61. Rb8 Rd7+ 62. Ke4 Bc3 63. Rb5 Bd2 64. Bd5 Rc7 65. Kd3 Be1 66.
Rb6 Bf2 67. Ra6 Be1 68. Bc6 Re7 69. Kc4 Bd2 70. Bh1 Re1 71. Bd5 Rf1 72. Kd3 Bb4
73. Rf6 Rd1+ 74. Ke4 Re1+ 75. Kf3 Re7 76. Rb6 Re3+ 77. Kg4 Be1 78. Bf3 Rd3 79.
Rb5 Re3 80. f5 gxf5+ 81. Rxf5 Rxb3 82. Bd5 Rb4+ 83. Kf3 Rxa4 84. Bxf7 Ra3+ 85.
Ke4 Bd2 86. g6 a4 87. Kd4 Rg3 88. Be8 a3 89. Rf7+ Kg8 90. Rf1 Bg5 91. Bf7+ Kg7
92. Ke4 Bf6 93. Rf3 Rg4+ 94. Rf4 Rg2 95. Kf3 a2 96. Ra4 a1=Q 1/2-1/2

[Event "2.BLW 1617 SV Hofheim - Hansa Dortmund"]
[Site "?"]
[Date "2017.01.15"]
[Round "4.2"]
[White "Savchenko, Stanislav"]
[Black "Ackermann, Hans Werner"]
[Result "1-0"]
[WhiteElo "2469"]
[BlackElo "2367"]
[PlyCount "61"]
[EventDate "2017.??.??"]

1. Nf3 d6 2. d4 Bg4 3. c4 Nd7 4. Nc3 e5 5. g3 Ngf6 6. Bg2 c6 7. O-O Be7 8. Nh4
exd4 9. Qxd4 Qb6 10. Qd2 Ne5 11. b3 Rd8 12. Qc2 O-O 13. h3 Bc8 14. Nf5 Bxf5 15.
Qxf5 Rfe8 16. Be3 Qc7 17. Rfd1 b6 18. Rac1 Ned7 19. g4 h6 20. Bf4 Ne5 21. Bg3
a6 22. e3 Nfd7 23. Ne2 g6 24. Qc2 c5 25. Nc3 Nf6 26. Rd2 Nc6 27. Rcd1 Bf8 28.
Bh4 g5 29. Bg3 Ne5 30. Qf5 Kg7 31. Qxf6+ 1-0

[Event "2.BLW 1617 SV Hofheim - Hansa Dortmund"]
[Site "?"]
[Date "2017.01.15"]
[Round "4.3"]
[White "Kotter, Ralf"]
[Black "Ginsburg, Gennadi"]
[Result "1/2-1/2"]
[WhiteElo "2377"]
[BlackElo "2473"]
[PlyCount "114"]
[EventDate "2017.??.??"]

1. e4 c5 2. Nf3 d6 3. d4 cxd4 4. Nxd4 Nf6 5. Nc3 a6 6. Be3 e5 7. Nb3 Be7 8. f3
Be6 9. Qd2 Nbd7 10. O-O-O Rc8 11. Kb1 O-O 12. g4 Nb6 13. g5 Nh5 14. Rg1 Nc4 15.
Bxc4 Rxc4 16. Nd5 Bxd5 17. Qxd5 Qc7 18. c3 b5 19. Nd2 Rc6 20. Qb3 g6 21. Nf1
Rb8 22. Ng3 Ng7 23. h4 Rc4 24. Rc1 a5 25. a3 Ne6 26. Rh1 Nc5 27. Qd1 b4 28.
cxb4 Rxc1+ 29. Qxc1 axb4 30. axb4 Rxb4 31. Bxc5 dxc5 32. Ne2 c4 33. Nc3 Qa7 34.
Qd2 Rb8 35. Kc2 Qb7 36. Kb1 Ba3 37. Nd1 Qb6 38. Qc3 Bc5 39. Qxc4 Bd4 40. Rh2
Qa5 41. Re2 Ra8 42. Kc2 Qa1 43. Rd2 Rb8 44. Kd3 Bxb2 45. Nxb2 Qa3+ 46. Ke2 Rxb2
47. Rxb2 Qxb2+ 48. Ke3 Qh2 49. Qc8+ Kg7 50. Qg4 h6 51. gxh6+ Kxh6 52. Qg5+ Kg7
53. Qe7 Qg3 54. Ke2 Qf4 55. Kf2 Qd2+ 56. Kg3 Qf4+ 57. Kf2 Qd2+ 1/2-1/2

[Event "2.BLW 1617 SV Hofheim - Hansa Dortmund"]
[Site "?"]
[Date "2017.01.15"]
[Round "4.4"]
[White "Lobzhanidze, Davit"]
[Black "Babar, Michael"]
[Result "1-0"]
[WhiteElo "2430"]
[BlackElo "2119"]
[PlyCount "77"]
[EventDate "2017.??.??"]

1. e4 c5 2. Nf3 d6 3. Bb5+ Bd7 4. c4 e5 5. Bxd7+ Qxd7 6. Nc3 Nf6 7. d3 Nc6 8.
O-O Be7 9. a3 O-O 10. Be3 Ne8 11. Nd2 f5 12. exf5 Qxf5 13. Nde4 Nf6 14. Nxf6+
Bxf6 15. Qd2 Rae8 16. f3 Bd8 17. b4 b6 18. Ne4 Qg6 19. Rae1 Ne7 20. f4 Nf5 21.
fxe5 Rxe5 22. Bf4 Re6 23. Ng3 Rxe1 24. Qxe1 Re8 25. Qd1 Nxg3 26. Bxg3 Re3 27.
Rf3 Bg5 28. b5 Qe6 29. Rxe3 Bxe3+ 30. Kh1 Kf7 31. Qh5+ Kg8 32. Qd5 Kf7 33. Bxd6
Qxd5 34. cxd5 Ke8 35. g4 Kd7 36. Bb8 Kc8 37. Be5 Kd7 38. Kg2 g6 39. Kf3 1-0

[Event "2.BLW 1617 SV Hofheim - Hansa Dortmund"]
[Site "?"]
[Date "2017.01.15"]
[Round "4.5"]
[White "Berndt, Joachim"]
[Black "Gurevich, Vladimir"]
[Result "0-1"]
[WhiteElo "2137"]
[BlackElo "2471"]
[PlyCount "82"]
[EventDate "2017.??.??"]

1. c4 e5 2. Nc3 Nf6 3. Nf3 Nc6 4. e3 Bb4 5. Qc2 Bxc3 6. bxc3 Qe7 7. e4 d6 8.
Rb1 O-O 9. Be2 Nd7 10. O-O Nc5 11. d3 f5 12. Ba3 fxe4 13. dxe4 Ne6 14. g3 b6
15. Qd2 Bd7 16. Rb5 Qf6 17. Rd5 Be8 18. Nh4 Bf7 19. Rb5 Nf4 20. gxf4 Qxh4 21.
fxe5 Nxe5 22. Rxe5 dxe5 23. Bxf8 Rxf8 24. Qe3 Rd8 25. c5 Qe7 26. cxb6 cxb6 27.
a4 Qa3 28. Qg5 Rc8 29. Rd1 Qxa4 30. Qxe5 Re8 31. Qd4 Qc6 32. f3 h6 33. Ba6 b5
34. Ra1 Bc4 35. Kf2 Qc7 36. Kg2 Rd8 37. Qf2 Qf4 38. Kh1 Rd3 39. Rf1 Rxc3 40.
Qd4 Rc2 41. Rf2 Rc1+ 0-1

[Event "2.BLW 1617 SV Hofheim - Hansa Dortmund"]
[Site "?"]
[Date "2017.01.15"]
[Round "4.6"]
[White "Perske, Thore"]
[Black "Prueske, Wolfgang"]
[Result "1-0"]
[WhiteElo "2388"]
[BlackElo "2057"]
[PlyCount "83"]
[EventDate "2017.??.??"]

1. e4 c6 2. Nc3 d5 3. Nf3 Nf6 4. e5 Ne4 5. d3 Nxc3 6. bxc3 e6 7. g3 c5 8. Bg2
Be7 9. h4 Nc6 10. h5 h6 11. O-O Qc7 12. Bf4 Bd7 13. Nd2 Bg5 14. c4 Bxf4 15.
gxf4 Ne7 16. cxd5 exd5 17. c4 d4 18. Rb1 Rb8 19. Qf3 b6 20. Ne4 O-O 21. Kh1 Kh8
22. Rg1 f6 23. exf6 gxf6 24. Qg3 Rf7 25. Bf3 Rg8 26. Qh4 Bc6 27. Rxg8+ Nxg8 28.
Rg1 Rg7 29. Rxg7 Qxg7 30. Kh2 f5 31. Nd2 Bxf3 32. Nxf3 Qf6 33. Qh3 Ne7 34. Ne5
Kh7 35. Qg3 Kh8 36. Kh3 Kh7 37. Qf3 Qg7 38. Qb7 Ng8 39. Qc8 Ne7 40. Qd7 a6 41.
a4 Kh8 42. Qxe7 1-0

[Event "2.BLW 1617 SV Hofheim - Hansa Dortmund"]
[Site "?"]
[Date "2017.01.15"]
[Round "4.7"]
[White "Burchert, Wolfgang"]
[Black "Weber, Ulrich"]
[Result "0-1"]
[WhiteElo "2071"]
[BlackElo "2375"]
[PlyCount "72"]
[EventDate "2017.??.??"]

1. e4 c5 2. Nf3 d6 3. d4 cxd4 4. Nxd4 Nf6 5. Nc3 a6 6. h3 e5 7. Nde2 h5 8. Bg5
Be7 9. g3 Nbd7 10. Bg2 b5 11. O-O Bb7 12. a3 Rc8 13. Qd2 O-O 14. Rad1 Qc7 15.
Kh1 Rfd8 16. f4 Nb6 17. fxe5 dxe5 18. Qc1 Nh7 19. Bxe7 Qxe7 20. Nd5 Bxd5 21.
exd5 h4 22. g4 Nc4 23. Nc3 Qg5 24. Qxg5 Nxg5 25. Ne4 Nxe4 26. Bxe4 Ne3 27. Rde1
Nxf1 28. Rxf1 Rc4 29. Re1 Rd4 30. Re2 g6 31. Kg2 Kg7 32. g5 Rd6 33. c3 Rd1 34.
Bf3 Rd3 35. Kf2 e4 36. Rxe4 R3xd5 0-1

[Event "2.BLW 1617 SV Hofheim - Hansa Dortmund"]
[Site "?"]
[Date "2017.01.15"]
[Round "4.8"]
[White "Armbruster, Alexander"]
[Black "Linker, Walter"]
[Result "1-0"]
[WhiteElo "2301"]
[BlackElo "2103"]
[PlyCount "77"]
[EventDate "2017.??.??"]

1. c4 f5 2. g3 e5 3. Bg2 Nf6 4. d4 e4 5. Nc3 Bb4 6. Nh3 Bxc3+ 7. bxc3 O-O 8.
O-O c6 9. Bg5 d6 10. f3 exf3 11. exf3 Na6 12. Re1 Nc7 13. Qb3 Ne6 14. Be3 Kh8
15. d5 Nc7 16. Rad1 c5 17. Re2 Rb8 18. a4 Bd7 19. Bf4 Nce8 20. Ng5 Qa5 21. Rde1
b6 22. Ne6 Rg8 23. Ra2 h6 24. Bc1 g5 25. Qc2 Ng7 26. Bh3 Qa6 27. Qd3 Bxe6 28.
dxe6 d5 29. Bxf5 dxc4 30. Qb1 Nd5 31. Bh3 Nxc3 32. Qg6 Rgf8 33. Qxh6+ Kg8 34.
Rd2 Rb7 35. e7 Re8 36. Be6+ Nxe6 37. Qxe6+ Kg7 38. Rd6 Rexe7 39. Qg6+ 1-0

[Event "2.BLW 1617 SV Mülheim Nord - SG Solinge"]
[Site "?"]
[Date "2017.01.15"]
[Round "4.1"]
[White "Handke, Florian"]
[Black "Warmerdam, Max"]
[Result "1/2-1/2"]
[WhiteElo "2522"]
[BlackElo "2350"]
[PlyCount "87"]
[EventDate "2017.??.??"]

1. e4 c5 2. Nf3 d6 3. c3 Nf6 4. Bd3 Nc6 5. Bc2 Bg4 6. d3 g6 7. Nbd2 e5 8. h3
Be6 9. Ng5 Bg7 10. Nxe6 fxe6 11. Nf3 O-O 12. O-O Nh5 13. Ng5 Rf6 14. Bb3 Qe7
15. Qg4 Re8 16. g3 h6 17. Nxe6 Rxe6 18. Qxg6 Qf7 19. Qxf7+ Kxf7 20. f4 exf4 21.
gxf4 Ke7 22. Bxe6 Kxe6 23. Kf2 Rf8 24. Kf3 Bf6 25. f5+ Kf7 26. Rg1 Rh8 27. Be3
Ne5+ 28. Ke2 Bg5 29. Raf1 c4 30. d4 Nd3 31. Kf3 Nf6 32. b3 b5 33. bxc4 bxc4 34.
Rb1 Re8 35. Rb7+ Kf8 36. Bxg5 hxg5 37. Rxg5 Rxe4 38. Rxa7 Rf4+ 39. Kg2 Ne4 40.
Rgg7 Rf2+ 41. Kh1 Ne1 42. Raf7+ Ke8 43. Re7+ Kf8 44. Ref7+ 1/2-1/2

[Event "2.BLW 1617 SV Mülheim Nord - SG Solinge"]
[Site "?"]
[Date "2017.01.15"]
[Round "4.2"]
[White "Beerdsen, Thomas"]
[Black "Wegerle, Joerg"]
[Result "0-1"]
[WhiteElo "2413"]
[BlackElo "2438"]
[PlyCount "80"]
[EventDate "2017.??.??"]

1. e4 e5 2. Nf3 Nf6 3. Nxe5 d6 4. Nf3 Nxe4 5. Nc3 Nf6 6. d4 Be7 7. Bd3 O-O 8.
O-O Bg4 9. Re1 Re8 10. h3 Bh5 11. Ne4 Nbd7 12. Ng3 Bg6 13. Bxg6 hxg6 14. c4 c6
15. Bf4 Qb6 16. Re3 Bf8 17. Rb3 Qa6 18. Rc1 Rac8 19. Ra3 Qb6 20. Rcc3 a6 21.
Ng5 Qa7 22. h4 b5 23. cxb5 cxb5 24. h5 gxh5 25. Nxh5 Rxc3 26. Rxc3 Nxh5 27.
Qxh5 Nf6 28. Qh4 Qxd4 29. Kh2 Qd1 30. Nf3 Qd5 31. Ra3 Qf5 32. Rxa6 Re4 33. g3
Re2 34. Kg1 Ng4 35. Rc6 Nxf2 36. Ng5 Ng4 37. Rc8 Re1+ 38. Kg2 Qd5+ 39. Nf3 Re2+
40. Kh3 Rh2+ 0-1

[Event "2.BLW 1617 SV Mülheim Nord - SG Solinge"]
[Site "?"]
[Date "2017.01.15"]
[Round "4.3"]
[White "Schroeder, Kevin"]
[Black "Hausrath, Daniel"]
[Result "1/2-1/2"]
[WhiteElo "2300"]
[BlackElo "2483"]
[PlyCount "60"]
[EventDate "2017.??.??"]

1. d4 Nf6 2. c4 Nc6 3. Nf3 e6 4. Nc3 d5 5. Bf4 Bb4 6. e3 O-O 7. Bd3 dxc4 8.
Bxc4 Nd5 9. Bxd5 exd5 10. Qc2 Ne7 11. a3 Bf5 12. Qd2 Bd6 13. Ne5 c6 14. Bg3 Re8
15. Nd3 Ng6 16. O-O h5 17. f3 Bxg3 18. hxg3 Bxd3 19. Qxd3 Qg5 20. Kf2 Ne7 21.
e4 dxe4 22. fxe4 Rad8 23. Kg1 Rd6 24. Rae1 Qg6 25. Re3 Red8 26. Ne2 Qe6 27. e5
Nd5 28. Re4 R6d7 29. Qf3 g6 30. Nf4 Nxf4 1/2-1/2

[Event "2.BLW 1617 SV Mülheim Nord - SG Solinge"]
[Site "?"]
[Date "2017.01.15"]
[Round "4.4"]
[White "Zwirs, Nico"]
[Black "Schaefer, Markus"]
[Result "1/2-1/2"]
[WhiteElo "2395"]
[BlackElo "2399"]
[PlyCount "78"]
[EventDate "2017.??.??"]

1. e4 e6 2. d4 d5 3. Nd2 Nf6 4. e5 Nfd7 5. Bd3 c5 6. c3 Nc6 7. Ne2 cxd4 8. cxd4
f6 9. exf6 Nxf6 10. O-O Bd6 11. Nf3 Qc7 12. h3 O-O 13. Be3 Bd7 14. Re1 Rae8 15.
Rc1 Qb8 16. Nc3 a6 17. a3 Re7 18. Na4 e5 19. dxe5 Nxe5 20. Nxe5 Bxe5 21. Re2
Kh8 22. Nc5 Bc8 23. Kh1 Rfe8 24. Qd2 Bd6 25. Nb3 Bd7 26. Rce1 Ba4 27. Nd4 Bd7
28. Nf5 Bxf5 29. Bxf5 Ne4 30. Bxe4 dxe4 31. Bg5 Re6 32. Qd5 h6 33. Bd2 Re5 34.
Rxe4 Rxd5 35. Rxe8+ Qxe8 36. Rxe8+ Kh7 37. Re2 Be5 38. b4 b5 39. g3 Bb2 {(=)}
1/2-1/2

[Event "2.BLW 1617 SV Mülheim Nord - SG Solinge"]
[Site "?"]
[Date "2017.01.15"]
[Round "4.5"]
[White "Schlecht, Daniel"]
[Black "Rezasade, Amir"]
[Result "0-1"]
[WhiteElo "2376"]
[BlackElo "2320"]
[PlyCount "40"]
[EventDate "2017.??.??"]

1. d4 d5 2. c4 e6 3. Nf3 Nf6 4. Nc3 Be7 5. Bf4 O-O 6. e3 c5 7. dxc5 Bxc5 8. a3
Nc6 9. Be2 dxc4 10. O-O Nd5 11. Ne4 Nxf4 12. exf4 Bd4 13. Nxd4 Nxd4 14. Bxc4 b5
15. Bd3 Bb7 16. Nc5 Bc6 17. Qh5 f5 18. b4 Rf6 19. f3 Rh6 20. Qg5 Nxf3+ 0-1

[Event "2.BLW 1617 SV Mülheim Nord - SG Solinge"]
[Site "?"]
[Date "2017.01.15"]
[Round "4.6"]
[White "Buckels, Valentin"]
[Black "Hobusch, Jan"]
[Result "1-0"]
[WhiteElo "2309"]
[BlackElo "2257"]
[PlyCount "85"]
[EventDate "2017.??.??"]

1. d4 d5 2. c4 dxc4 3. e3 e5 4. Bxc4 exd4 5. exd4 Bd6 6. Nf3 Nf6 7. Qe2+ Qe7 8.
Qxe7+ Bxe7 9. Nc3 O-O 10. O-O Nbd7 11. Bf4 Nb6 12. Bb3 Bd6 13. Be5 Bf5 14. Rfe1
Rad8 15. a4 a5 16. Rac1 c6 17. h3 Rfe8 18. Bxd6 Rxd6 19. Re5 Bg6 20. Rxa5 Nfd7
21. Ra7 Rb8 22. Re1 Kf8 23. Ra5 Bd3 24. Rg5 h6 25. Rg3 Bc4 26. Bc2 Nf6 27. Rd1
Rbd8 28. a5 Nbd5 29. Ne5 Ba6 30. Bb3 g6 31. Re1 Kg7 32. Rf3 Rf8 33. h4 h5 34.
Nxd5 Nxd5 35. g3 Nf6 36. Rf4 Nd5 37. Rf3 Nf6 38. Rf4 Nd5 39. Bxd5 Rxd5 40. b4
f6 41. Nf3 Bd3 42. Re7+ Kh6 43. Ng5 1-0

[Event "2.BLW 1617 SV Mülheim Nord - SG Solinge"]
[Site "?"]
[Date "2017.01.15"]
[Round "4.7"]
[White "Berg, Michael"]
[Black "Nabuurs, Joep"]
[Result "1-0"]
[WhiteElo "2308"]
[BlackElo "2317"]
[PlyCount "81"]
[EventDate "2017.??.??"]

1. d4 Nf6 2. c4 e6 3. Nf3 c5 4. d5 b5 5. Bg5 Qa5+ 6. Nc3 Ne4 7. Bd2 Nxd2 8.
Qxd2 b4 9. Ne4 Be7 10. e3 Bb7 11. Be2 O-O 12. O-O d6 13. Rfd1 Qc7 14. Rac1 e5
15. Nxe5 dxe5 16. d6 Bxd6 17. Qxd6 Qxd6 18. Nxd6 Bc6 19. Rd2 Nd7 20. Rcd1 Nb6
21. Nf5 Rfe8 22. b3 g6 23. Nd6 Re7 24. Bf3 e4 25. Be2 Kf8 26. h4 Re6 27. Nb5
Bxb5 28. cxb5 Rc8 29. Kh2 Rc7 30. Kg3 Ke7 31. Rd8 Nd7 32. Rh8 h5 33. Bc4 Rb6
34. Rd5 Rf6 35. Rh7 Rb7 36. Rh8 Rbb6 37. Rc8 Rb7 38. Rc6 Rb6 39. Rc7 Rbd6 40.
Rxa7 Kf8 41. Rxd7 1-0

[Event "2.BLW 1617 SV Mülheim Nord - SG Solinge"]
[Site "?"]
[Date "2017.01.15"]
[Round "4.8"]
[White "Bus, Tom"]
[Black "Kniest, Oliver"]
[Result "0-1"]
[WhiteElo "2214"]
[BlackElo "2288"]
[PlyCount "110"]
[EventDate "2017.??.??"]

1. c4 Nf6 2. g3 e5 3. Bg2 d5 4. cxd5 Nxd5 5. Nf3 Nc6 6. O-O Nb6 7. Nc3 Be7 8.
d3 O-O 9. Be3 Be6 10. Na4 Nxa4 11. Qxa4 Qd7 12. Rfc1 f6 13. Bc5 Rfd8 14. Qa3
Bd6 15. b4 a5 16. b5 Na7 17. b6 cxb6 18. Bxd6 Qxd6 19. Qxd6 Rxd6 20. Nd2 Rb8
21. Nc4 Bxc4 22. Rxc4 b5 23. Rc7 b4 24. Rac1 Nb5 25. Rc8+ Rxc8 26. Rxc8+ Kf7
27. Rc5 Rb6 28. Bd5+ Ke7 29. Bc4 a4 30. Bxb5 Kd6 31. d4 exd4 32. Rf5 b3 33.
axb3 axb3 34. Bd3 b2 35. Bb1 Rc6 36. Kg2 Rc1 37. Be4 b1=Q 38. Bxb1 Rxb1 39. Ra5
Rb3 40. h4 Kc6 41. Ra8 d3 42. exd3 Rxd3 43. Rc8+ Kb6 44. Rh8 h6 45. Rf8 Rd7 46.
g4 Kc6 47. Rc8+ Rc7 48. Rb8 b5 49. Kf3 Rb7 50. Rc8+ Kd5 51. Kf4 b4 52. Kf5 b3
53. Kg6 b2 54. Rd8+ Kc4 55. Rd1 Kc3 0-1